Dislocations and Plasticity in Single Crystals of Face-centred Cubic Metals and Alloys /

Enregistré dans:
Détails bibliographiques
Auteur principal: Mitchell, T.E (Auteur)
Format: Livre
Langue:anglais
Publié: London : Heywood Books, 1964
Sujets:
Tags: Ajouter un tag
Pas de tags, Soyez le premier à ajouter un tag!

MARC

LEADER 00000nam a22000003a 4500
001 stu39453
005 20150617225721.5
008 930127s1964----uk------------------eng-d
040 |a STU  |b slo 
041 0 |a eng 
044 |a uk 
080 |a 539.214 
100 1 |a Mitchell, T.E  |4 aut 
245 1 |a Dislocations and Plasticity in Single Crystals of Face-centred Cubic Metals and Alloys /  |c [aut.]T.E. Mitchell 
260 |a London :  |b Heywood Books,  |c 1964 
300 |a 237 s 
650 7 |a plasticita  |2 stusub 
996 |b 284M062049  |c M*3102-1  |l MMKN  |s A  |a 24  |w stu39453_0001